000
00305 a2200157 4500
001
175456
020
_a
040
_c
Magnum
100
_a
Lago, Samuel Ramos
240
1
0
_a
Ciências 4
_l
por
245
1
0
_a
Ciências 4
300
_a
272
362
0
_a
2001
697
_a
CIÊNCIAS PURAS
942
_c
BK
999
_c
175456
_d
175456